Aportaciones de la tecnología a la e-Evaluación (Record no. 193446)

MARC details
000 -CABECERA
campo de control de longitud fija 01931cab a2200277 ab4500
005 - FECHA Y HORA DE LA ÚLTIMA TRANSACCIÓN
campo de control 20240209101233.0
008 - ELEMENTOS DE LONGITUD FIJA--INFORMACIÓN GENERAL
campo de control de longitud fija 991125c2016 sp fr p o 000 0 spa d
024 3# - OTRO IDENTIFICADOR NORMALIZADO
Número estándar o código 10.6018/red/50/4
035 ## - NÚMERO DE CONTROL DEL SISTEMA
Número de control de sistema UPN01000221349
040 ## - FUENTE DE LA CATALOGACIÓN
Centro catalogador/agencia de origen MX-MxUPN
Lengua de catalogación spa
Centro/agencia transcriptor MX-MxUPN
Normas de descripción aacr2
049 ## - COLECCIÓN
Colección ART-E
100 1# - ASIENTO PRINCIPAL--NOMBRE PERSONAL
Nombre de persona Barbera, Elena
100 1# - ASIENTO PRINCIPAL--NOMBRE PERSONAL
Filiación ebarbera@uoc.edu
245 10 - MENCIÓN DE TÍTULO
Título Aportaciones de la tecnología a la e-Evaluación
Medio [recurso electrónico en línea]
506 0# - NOTA DE RESTRICCIONES AL ACCESO
Limitaciones de acceso Acceso abierto
520 3# - NOTA DE RESUMEN, ETC.
Sumario, etc. En el presente artículo se expone un concepto complejo de evaluación de los aprendizajes que incluye cuatro dimensiones que se consideran básicas para una práctica evaluativa completa: evaluación del aprendizaje, evaluación para el aprendizaje, evaluación como aprendizaje y evaluación desde el aprendizaje. Se propone recuperar esta perspectiva compleja en la evaluación de los aprendizajes en los contextos virtuales mediante el análisis de las aportaciones específicas que introduce la tecnología en este campo. De esta manera se distinguen como contribuciones particulares de la tecnología en estos contextos en cuanto modifican significativamente las prácticas presenciales que conocemos: la evaluación automática, la evaluación enciclopédica y la evaluación colaborativa. El artículo acaba resaltando el valor de los procesos comunicativos de los resultados a los alumnos y, en concreto, el valor de la retroalimentación y la necesidad y posibilidades que ofrece la tecnología para su aprovechamiento. RED
650 #4 - ASIENTO SECUNDARIO DE MATERIA - TERMINO TEMATICO
9 (RLIN) 4978
Término de materia o nombre geográfico como elemento de entrada Tecnología educativa
650 #2 - ASIENTO SECUNDARIO DE MATERIA - TERMINO TEMATICO
9 (RLIN) 25220
Término de materia o nombre geográfico como elemento de entrada Evaluación formativa
653 0# - TERMINO DE INDIZACION - NO CONTROLADO
Término no controlado Evaluación del aprendizaje
653 0# - TERMINO DE INDIZACION - NO CONTROLADO
Término no controlado Entornos virtuales de aprendizaje
773 ## - ENLACE AL DOCUMENTO FUENTE/ENTRADA DE REGISTRO ANFITRIÓN
Parte(s) relacionada(s) No. 50 (2016), p. 1-10
Título RED : revista de educación a distancia
Número Internacional Normalizado para Publicaciones Seriadas 1578-7680
856 4# - LOCALIZACIÓN Y ACCESO ELECTRÓNICOS
Identificador Uniforme del Recurso <a href="http://www.um.es/ead/red/50/barbera.pdf">http://www.um.es/ead/red/50/barbera.pdf</a>
902 ## - ELEMENTOS DE DATOS B LOCAL, LDB (RLIN)
Modificó Leonor Sotres/090224
905 ## - TIPO DE MATERIAL
Tipo de material Articulo
942 ## - ELEMENTOS DE PUNTO DE ACCESO ADICIONAL (KOHA)
Tipo de ítem Koha Artículo Electrónico
Holdings
Estado de retiro Estado de pérdida Estado dañado No para préstamo Código de colección Localización permanente Ubicación/localización actual Ubicación en estantería Fecha de adquisición Total de préstamos Fecha visto por última vez Identificador Uniforme del Recurso Precio válido a partir de Tipo de ítem Koha
        Acceso abierto Bib. Gregorio Torres Quintero Bib. Gregorio Torres Quintero En línea 09/02/2024   09/02/2024 http://www.um.es/ead/red/50/barbera.pdf 09/02/2024 Artículo Electrónico